Online katalóg knižníc regiónu Turca

Príživník (Record no. 20940)

MARC details
000 -LEADER
fixed length control field 02280cam a2200577 a 4500
001 - CONTROL NUMBER
control field 20940
003 - CONTROL NUMBER IDENTIFIER
control field VRT
005 - DATE AND TIME OF LATEST TRANSACTION
control field 20260207110019.0
008 - FIXED-LENGTH DATA ELEMENTS--GENERAL INFORMATION
fixed length control field 250313s1945 xo g 000 d slo c
015 ## - NATIONAL BIBLIOGRAPHY NUMBER
National bibliography number SNBA19421945-125/2995
035 ## - SYSTEM CONTROL NUMBER
System control number SK01SNKBKSD220020095267
035 ## - SYSTEM CONTROL NUMBER
System control number urn:nbn:sk:snk-am3hkov
035 ## - SYSTEM CONTROL NUMBER
System control number 338988D3-0A01-4337-9D54-EF698CAA873D
035 ## - SYSTEM CONTROL NUMBER
System control number urn:nbn:sk:snk-am00d3rp
035 ## - SYSTEM CONTROL NUMBER
System control number SKM000097730
039 #9 - LEVEL OF BIBLIOGRAPHIC CONTROL AND CODING DETAIL [OBSOLETE]
Level of rules in bibliographic description 202503131222
Level of effort used to assign nonsubject heading access points VLOAD
Level of effort used to assign subject headings 202205120837
Level of effort used to assign classification VLOAD
Level of effort used to assign subject headings 202104081138
Level of effort used to assign classification msvkbb08
Level of effort used to assign subject headings 202006091145
Level of effort used to assign classification csnkv15
040 ## - CATALOGING SOURCE
Original cataloging agency SNK
Language of cataloging slo
Transcribing agency SNK
Description conventions AACR2
041 1# - LANGUAGE CODE
Language code of text/sound track or separate title slo
Language code of original rus
044 ## - COUNTRY OF PUBLISHING/PRODUCING ENTITY CODE
MARC country code xo
ISO country code SK
072 #7 - SUBJECT CATEGORY CODE
Subject category code 821.161.1
Subject category code subdivision Ruská literatúra, rusky písaná
Source konspekt
072 #7 - SUBJECT CATEGORY CODE
Subject category code 821.161.1-2
Subject category code subdivision Ruská dráma
Source konspekt
080 ## - UNIVERSAL DECIMAL CLASSIFICATION NUMBER
Universal Decimal Classification number 821.161.1-2
Edition identifier 2011
080 ## - UNIVERSAL DECIMAL CLASSIFICATION NUMBER
Universal Decimal Classification number (0:82-2)
Edition identifier 2011
080 ## - UNIVERSAL DECIMAL CLASSIFICATION NUMBER
Universal Decimal Classification number (0:82-22)
Edition identifier 2011
100 1# - MAIN ENTRY--PERSONAL NAME
Personal name Turgenev, Ivan Sergejevič,
Dates associated with a name 1818-1883
Relationship aut
245 10 - TITLE STATEMENT
Title Príživník
Remainder of title komédia vo dvoch dejstvách
Statement of responsibility, etc. Ivan Sergejevič Turgenev ; [preložil Karol Podolinský]
260 ## - PUBLICATION, DISTRIBUTION, ETC.
Place of publication, distribution, etc. Turčiansky Sv. Martin
Name of publisher, distributor, etc. Ústredie slovenských ochotníckych divadiel
Date of publication, distribution, etc. 1945
Place of manufacture Turčiansky Sv. Martin
Manufacturer Neografia
300 ## - PHYSICAL DESCRIPTION
Extent 133, [i] s.
Dimensions
490 1# - SERIES STATEMENT
Series statement Javisko
Volume/sequential designation sv. 7
500 ## - GENERAL NOTE
General note Preložené z ruštiny
655 #7 - INDEX TERM--GENRE/FORM
Genre/form data or focus term ruské drámy
Source of term SNKPH
655 #7 - INDEX TERM--GENRE/FORM
Genre/form data or focus term divadelné hry
Source of term SNKPH
655 #7 - INDEX TERM--GENRE/FORM
Genre/form data or focus term divadelné komédie
Source of term SNKPH
655 #7 - INDEX TERM--GENRE/FORM
Genre/form data or focus term Russian drama
Source of term SNKPHeng
655 #7 - INDEX TERM--GENRE/FORM
Genre/form data or focus term Theatre plays
Source of term SNKPHeng
655 #7 - INDEX TERM--GENRE/FORM
Genre/form data or focus term Comedies
Source of term konspekt
700 1# - ADDED ENTRY--PERSONAL NAME
Personal name Podolinský, Karol,
Dates associated with a name 1903-1998
Relationship trl
700 1# - ADDED ENTRY--PERSONAL NAME
Personal name Rampák, Zoltán,
Dates associated with a name 1920-1998
Relationship red
830 #0 - SERIES ADDED ENTRY--UNIFORM TITLE
Uniform title Javisko
942 ## - ADDED ENTRY ELEMENTS (KOHA)
Source of classification or shelving scheme Dewey Decimal Classification
Koha item type Krásna literatúra pre dospelých
Suppress in OPAC No
949 ## - LOCAL PROCESSING INFORMATION (OCLC)
6 270001000611946
a svkbbS 48658
b svkbbm 40299
949 ## - LOCAL PROCESSING INFORMATION (OCLC)
6 270001000611947
a svkbbS 48659
b svkbbm 40301
949 ## - LOCAL PROCESSING INFORMATION (OCLC)
6 17A0542328
a snkSD 4951/7 D1
b snkKSF 2676/56
q rekatalogizácia
949 ## - LOCAL PROCESSING INFORMATION (OCLC)
6 17A0542329
a snkSD 4951/7 D2
b snkF 5566/62
q rekatalogizácia
949 ## - LOCAL PROCESSING INFORMATION (OCLC)
6 17A0542330
a snkSD 4951/7 D3
b snkK 2844/65
q rekatalogizácia
949 ## - LOCAL PROCESSING INFORMATION (OCLC)
6 273K0417347
a svkpoA 15119
b svkpo35217
949 ## - LOCAL PROCESSING INFORMATION (OCLC)
6 369701000015335
a aubbD 11077
b aubbD11077
949 ## - LOCAL PROCESSING INFORMATION (OCLC)
6 17A0908197
a snkSD 4951/7
b snk402/45
o I. 940/45 - druhé edvidenčné číslo
s 6100:20180703
Holdings
Stav vyradenia Strata Poškodenie Spôsob nadobudnutia Domovská knižnica Aktuálna knižnica Dátum nadobudnutia Total checkouts Čiarový kód exemplára Date last seen Typ exemplára Verejná poznámka
      Dar Obecná knižnica Horná Štubňa Obecná knižnica Horná Štubňa 07.02.2026   4736201109 07.02.2026 Krásna literatúra pre dospelých divadelná hra
Projekt je podporený Slovenskou asociáciou knižníc
Prevádzkuje Turčianska knižnica Martin 2026